El ayuno como fuente de salud : la biología molecular y la medicina alternativa avalan este antiguo método natural de terapia /
Aquí se analizan casos históricos de ayuno, realizados por médicos de diferentes corrientes, desde 1880 hasta fines del siglo XX, para evidenciar las ventajas de salud que se consiguen con su práctica regular y cómo esta dietoterapia ha ayudado a la reducción del cáncer en pruebas de laboratorio.
Guardado en:
| Autor principal: | |
|---|---|
| Formato: | Libro |
| Idioma: | Español |
| Publicado: |
Lleida, España :
Milenio,
2014, c2014
|
| Colección: | (Estilos ;
18) |
| Temas: | |
| Etiquetas: |
Sin etiquetas, Sé el primero en etiquetar este registro!
|
MARC
| LEADER | 00000nam^a2200000^a^4500 | ||
|---|---|---|---|
| 001 | 000392326 | ||
| 005 | 20250521000000.0 | ||
| 009 | 20260310121239.64 | ||
| 020 | |a 978-84-9743-624-3 | ||
| 037 | |a Acervo ITESO - Biblioteca | ||
| 041 | |a ESP | ||
| 082 | |a 613. 25 |b LES | ||
| 100 | |a Lestrade, Thierry de |e (autor) | ||
| 245 | 1 | 3 | |a El ayuno como fuente de salud : |b la biología molecular y la medicina alternativa avalan este antiguo método natural de terapia / |c T. de Lestrade ; tr. por Ramón Sala Gili. |
| 264 | 4 | |a Lleida, España : |b Milenio, |c 2014, c2014 | |
| 300 | |a 244 p. | ||
| 336 | |a texto |b txt |2 rdacontenido | ||
| 337 | |a sin mediación |b n |2 rdamedio | ||
| 338 | |a volumen |b nc |2 rdasoporte | ||
| 440 | 1 | |a (Estilos ; |v 18) | |
| 500 | |a Traducción de: Le jeûne, une nouvelle théraphie | ||
| 520 | |a Aquí se analizan casos históricos de ayuno, realizados por médicos de diferentes corrientes, desde 1880 hasta fines del siglo XX, para evidenciar las ventajas de salud que se consiguen con su práctica regular y cómo esta dietoterapia ha ayudado a la reducción del cáncer en pruebas de laboratorio. | ||
| 649 | |a XX | ||
| 650 | |a Ayuno - |x Historia - |x Tema Principal | ||
| 650 | |a Ayuno - |x Tema Principal | ||
| 650 | |a Dietoterapia | ||
| 650 | |a Dieta | ||
| 650 | |a Nutrición | ||
| 650 | |a Enfermedades - |x Tratamiento | ||
| 650 | |a Medicina Alternativa - |x Tema Principal | ||
| 650 | |a Salud | ||
| 910 | |a Fondo General | ||
| 920 | |a Impresos - Libros | ||
| 930 | |a Colección General | ||
| 905 | |a 101 | ||
| 901 | |a 0500287170 |b IT1 |c ACC |i C153852 |u 20250521 | ||
| 902 | |a https://opac.biblio.iteso.mx/vufind/Record/000392326 | ||